000 00336pam a2200157a 44500
008 230515b2010 xxu||||| |||| 00| 0 eng d
020 _aNULL
041 _aMARATHI
082 _a830 SHI
100 _aDEEPAK SHIKARPUR
245 _aNEW COMPUTER YUGA
250 _a1
260 _aNULL
_bNA
_c2010
300 _a128
650 _aNULL
999 _c640955
_d640955